000
00311nam a2200109Ia 4500
008
190716s9999 xx 000 0 und d
082
_a
TL-36#
100
_a
Lavingia, Krishnakant U.
245
2
_a
A study of job satisfaction among school teachers
500
_a
Continued in Next Acc. No. MF400
942
_c
MF
_2
DDC
999
_c
24061
_d
24061